Noc, kdy jsem měla zemřít /

Hlavní autor: Černucká, Veronika, 1979-
Jazyk: Čeština
Vydáno: Brno : MOBA, c2011
Vydání: Vyd. 1.
Edice: Původní česká detektivka
Krimi (MOBA)
Témata:
Externí odkaz: Digitalizovaný dokument
Fyzický popis: 238 s. ; 19 cm
Knihy
Uloženo v:
LEADER 01368cam a2200397 a 4500
001 nkc20112174373
003 CZ PrNK
005 20110617140939.0
007 ta
008 110315s2011 xr g 000 j cze d
015 |a cnb002174373 
020 |a 978-80-243-4248-1  |q (váz.) 
035 |a (OCoLC)741402273 
040 |a TAG001  |b cze  |d CBA001  |d BOA001 
072 7 |a 821.162.3-3  |x Česká próza  |2 Konspekt  |9 25 
080 |a 821.162.3-32  |2 MRF 
080 |a (0:82-322.4)  |2 MRF 
100 1 |a Černucká, Veronika,  |d 1979-  |7 xx0133940  |4 aut 
245 1 0 |a Noc, kdy jsem měla zemřít /  |c Veronika Černucká 
250 |a Vyd. 1. 
260 |a Brno :  |b MOBA,  |c c2011 
300 |a 238 s. ;  |c 19 cm 
490 1 |a Původní česká detektivka ;  |v sv. 135 
490 1 |a Krimi 
655 7 |a české povídky  |7 fd133971  |2 czenas 
655 7 |a detektivní povídky  |7 fd132008  |2 czenas 
655 9 |a Czech short stories  |2 eczenas 
655 9 |a detective short stories  |2 eczenas 
830 0 |a Původní česká detektivka  |0 s 
830 0 |a Krimi (MOBA)  |0 s 
856 4 1 |u http://www.digitalniknihovna.cz/mzk/uuid/uuid:51f21160-757a-11ea-8f71-005056827e52  |y Digitalizovaný dokument  |x NDK 
910 2 |a BOA001  |b 1-1265.733 
990 |a BK 
995 |a 01 
991 |b 201105  |e b 
996 6 |b 2610465941  |c 1-1265.733  |l MZK  |r Sklad / do 1 hodiny  |n 3  |p p.v.  |w 001179679  |u 000010  |a 1  |e BOA001  |j MZK50  |s P